LEADER 01491nam0 2200337 450 001 000034402 005 20130823121433.0 100 $a20130212d1988----km-y0itaa50------ba 101 0 $ager 102 $aDE 200 1 $aHarry Graf Kessler, Tagebuch eines Weltmannes$eeine Ausstellung des Deutschen Literaturarchivs im Schiller-Nationalmuseum, Marbach am Neckar$g[Ausstellung und katalog, Gerhard Schuster und Margot Pehle] 210 $aMarbach am Neckar$cDeutsche Schillergesellschaft$d1988 215 $a542 p.$cill.$d21 cm 225 2$aMarbacher Kataloge$v43 410 0$12001$aMarbacher Kataloge$v43 454 1$12001$aTagebuch eines Weltmannes$925184 600 1$aKessler,$bHarry Graf$xDiari e memorie 607 $aGermania$xPolitica e governo$z1918-1933 607 $aGermania$xVita intellettuale e culturale$xPersonaggi$zSec. 20. 676 $a943.085092$v(22. ed.)$9Storia della Germania.Periodo della repubblica di Weimar, 1918-1933. Persone 700 1$aKessler,$bHarry Graf$0446296 702 1$aSchuster,$bGerhard 702 1$aPehle,$bMargot 801 0$aIT$bUniversità della Basilicata - B.I.A.$gRICA$2unimarc 912 $a000034402 996 $aTagebuch eines Weltmannes$925184 997 $aUNIBAS CAT $aSTD088$b01$c20130212$lBAS01$h1227 CAT $aTTM$b30$c20130823$lBAS01$h1214 FMT Z30 -1$lBAS01$LBAS01$mBOOK$1BASA1$APolo Storico-Umanistico$2FMAS$BFondo Masini$3FMas/817/4354$6817/4354$5B817/4354$820130212$f02$FPrestabile Generale LEADER 00862nas 22002773a 450 001 9910146003103321 005 20170228163059.0 035 $a(OCoLC)246870792 035 $a(CKB)1000000000429656 035 $a(CONSER)cn2008301128 035 $a(EXLCZ)991000000000429656 100 $a20080225a20089999 uy b 101 0 $afre 200 04$aLes cahiers de l'idiotie 210 $a[Ottawa $cObservatoire des nouvelles pratiques symboliques] 300 $aDescription d'apre?s la premie?re livraison. 300 $aTitre pris sur la couv. 300 $aChaque livr. comporte un titre distinct. 311 $a1916-6206 531 $aCAHIERS DE L'IDIOTIE 676 $a054 712 02$aObservatoire des nouvelles pratiques symboliques. 906 $aJOURNAL 912 $a9910146003103321 996 $aLes cahiers de l'idiotie$92114775 997 $aUNINA